000 00373nam a2200145Ia 4500
008 230917s9999||||xx |||||||||||||| ||und||
040 _e139325
_aMAIN
041 _aEnglish
082 _a005.1 R864O
100 _aRumbaugh, James
245 0 _aObject-oriented modeling and design
260 _aNew Delhi
_bPrentice-Hall of India
_c2005
300 _a500 p.
942 _cBK
999 _c135700
_d135700